000 00635nam a2200205Ia 4500
003 GCL
008 140319s9999 xx 000 0 ara d
040 _aGCL /
_cGCL
082 0 4 _a530.31
_bف م
100 1 _aفوزى غالب عوض
245 1 0 _aمبادىء فيزياء الجوامد /
_cفوزى غالب عوض
700 1 _aخضر محمد عبدالرحمن
700 1 _aعادل مجذوب على
260 _a[S.N] :
_bمطابع جامعة الملك سعود ،
_c1992
300 _a250 ص
490 _a
650 0 4 _aالفيزياء
650 0 4 _aفيزياء الاجسام الصلبة
942 _2ddc
_cBK
999 _c30601
_d30601